00741 2200193 4500001002100000005001500021035002000036008004100056245004100097100001800138250000600156260004800162300001200210084001400222082000800236650001000244520028100254990001200535INLIS00000000000108320240522102952 a0010-0524000318240522 1 ind 1 aPacaran No Way! Why? /cAhmad Masrul aMasrul, Ahmad a1 aJakarta :bPT. Elex Media Komputindo,c2015 a162 hlm a813 AHM p a813 4aFiksi aBuang kata-kata nggak punya pacar nggak keren. Kerennya Anda bukan karena pacar. Tapi kerennya Anda karena prestasi, karena bisa menjaga diri, dan sejuta bukti kepada Allah. Saya suci serta tetap kuat menjaga perintah Allah dan Rasulullah. Itu namanya baru mantap dan oke Bro! a0744061